Rethinking symbolism = Repensar el simbolismo /
Uloženo v:
| Hlavní autor: | |
|---|---|
| Médium: | Neznámo |
| Jazyk: | English |
| Vydáno: |
Cambridge ; New York :
Cambridge University Press,
1975.
|
| Témata: | |
| Tagy: |
Přidat tag
Žádné tagy, Buďte první, kdo vytvoří štítek k tomuto záznamu!
|
MARC
| LEADER | 000000000a22000000004500 | ||
|---|---|---|---|
| 001 | 013060 | ||
| 020 | |a 0521208343. 0521099676 | ||
| 041 | 0 | |a eng | |
| 082 | 0 | 4 | |a 153.2 |b S749r |
| 100 | 1 | |a Sperber, Dan | |
| 245 | 1 | 0 | |a Rethinking symbolism = |b Repensar el simbolismo / |c Dan Sperber. |
| 246 | 3 | 1 | |a Repensar el simbolismo |
| 260 | 1 | |a Cambridge ; New York : |b Cambridge University Press, |c 1975. | |
| 300 | |a xiii, 153 páginas ; |c 23 cm. | ||
| 650 | 4 | |a SYMBOLISMO | |
| 650 | 4 | |a PSICOLOGIA | |
| 500 | |a Colección George Yúdice | ||
| 999 | |c 19002 |d 19002 | ||
| 942 | |c BK |h 153.2 S749r |2 z | ||



